000 00568nmm a2200169Ia 4500
008 251105s9999||||xx |||||||||||||||||und||
020 _a9788476589151
041 _aspa
100 _aCasanueva, Mario y Bolaños, Bernardo (Coords.)
245 0 _aEl giro pictórico. Epistemología de la imagen
264 _a[Madrid, España] :
_bAnthropos,
_c2009
300 _a256 páginas
490 _aAutores, textos y temas. Teoría e historia de las artes
650 _aPainting & Decorative Arts
856 _uhttps://public.digitaliapublishing.com/a/15731
942 _cCF
999 _c85233
_d85233